Science Quiz

Random Science or Elements Quiz

Element per Length Quiz Stats

Quiz Updated Nov 30, 2016

Challenge
Share
Tweet
Embed
Score 0/11 Timer 02:00
1 Play Today
Length Example Element % Correct
6helium
98.8%
4neon
97.4%
8hydrogen
93.4%
5boron
89.1%
7mercury
87.3%
9magnesium
85.7%
3tin
76.8%
11einsteinium
67%
10phosphorus
47.8%
13rutherfordium
25.6%
12protactinium
23.7%

You're not logged in!

Compare scores with friends on all Sporcle quizzes.
Join for Free
OR
Log In

You Might Also Like...

Show Comments

Extras

Top Quizzes Today


Score Distribution

Your Account Isn't Verified!

In order to create a playlist on Sporcle, you need to verify the email address you used during registration. Go to your Sporcle Settings to finish the process.

Report this User

Report this user for behavior that violates our Community Guidelines.

Details: